Complete self assessment for medical and surgical finals (Record no. 120)

MARC details
000 -LEADER
fixed length control field 00631nam a22002417a 4500
003 - CONTROL NUMBER IDENTIFIER
control field OSt
005 - DATE AND TIME OF LATEST TRANSACTION
control field 20160211150144.0
008 - FIXED-LENGTH DATA ELEMENTS--GENERAL INFORMATION
fixed length control field 140703b xxu||||| |||| 00| 0 eng d
020 ## - INTERNATIONAL STANDARD BOOK NUMBER
International Standard Book Number 9781444120653
020 ## - INTERNATIONAL STANDARD BOOK NUMBER
International Standard Book Number 1444120654
040 ## - CATALOGING SOURCE
Transcribing agency DNLM
082 ## - DEWEY DECIMAL CLASSIFICATION NUMBER
Classification number WO18 P272c 2012
Item number P
100 ## - MAIN ENTRY--PERSONAL NAME
Personal name Patel Kinesh
9 (RLIN) 322
245 ## - TITLE STATEMENT
Title Complete self assessment for medical and surgical finals
250 ## - EDITION STATEMENT
Edition statement 2nd ed.
260 ## - PUBLICATION, DISTRIBUTION, ETC. (IMPRINT)
Place of publication, distribution, etc. UK:
Name of publisher, distributor, etc. Arnold,
Date of publication, distribution, etc. 2012
300 ## - PHYSICAL DESCRIPTION
Extent xi,409p.;
Other physical details col.Ill
Dimensions 25cm
504 ## - BIBLIOGRAPHY, ETC. NOTE
Bibliography, etc References, index included
650 ## - SUBJECT ADDED ENTRY--TOPICAL TERM
Topical term or geographic name as entry element Surgery
9 (RLIN) 323
650 ## - SUBJECT ADDED ENTRY--TOPICAL TERM
Topical term or geographic name as entry element Medicine
9 (RLIN) 324
700 ## - ADDED ENTRY--PERSONAL NAME
Personal name Patel Neil
9 (RLIN) 325
942 ## - ADDED ENTRY ELEMENTS (KOHA)
Source of classification or shelving scheme Other/Generic Classification Scheme
Koha item type Open Shelf
Holdings
Withdrawn status Lost status Source of classification or shelving scheme Damaged status Not for loan Home library Current library Date acquired Source of acquisition Inventory number Total Checkouts Full call number Barcode Date last seen Koha item type
    Other/Generic Classification Scheme     MUST Main Library MUST Main Library 03/07/2014   14/37580   WO18 P272c 2012 P 2014-0169 03/07/2014 Open Shelf
    Other/Generic Classification Scheme     MUST Main Library MUST Main Library 03/07/2014   14/37581   WO18 P272c 2012 P 2014-0170 03/07/2014 Open Shelf
    Other/Generic Classification Scheme     MUST Main Library MUST Main Library 03/07/2014   14/37582   WO18 P272c 2012 P 2014-0171 03/07/2014 Open Shelf
    Other/Generic Classification Scheme     MUST Main Library MUST Main Library 01/09/2015   14/38782   WO18 P272c 2012 P 2015-2173 01/09/2015 Open Shelf